Normal view
MARC view
Entry Personal Name
001 - CONTROL NUMBER
- control field: 41107
003 - CONTROL NUMBER IDENTIFIER
- control field: dpl
005 - DATE AND TIME OF LATEST TRANSACTION
- control field: 20120207165048.0
008 - FIXED-LENGTH DATA ELEMENTS
- fixed length control field: 120207|||a|||||| | ||| d
040 ## - CATALOGING SOURCE
- Original cataloging agency: dpl
- Transcribing agency: dpl
100 ## - HEADING--PERSONAL NAME
- Personal name: Kumar, P.
670 ## - SOURCE DATA FOUND
- Source citation: Work cat.: (dpl)51919: Kumar, P., Multinational companies and exploitation of women in developing countries /, 2010
670 ## - SOURCE DATA FOUND
- Source citation: Work cat.: (dpl)51919: Kumar, P., Multinational companies and exploitation of women in developing countries /, 2010
